Don Domingo de Nóvoa, médico y farmacéutico gallego del siglo XVIII / (Record no. 99574)
[ view plain ]
| 000 -LEADER | |
|---|---|
| campo de control de longitud fija | 00699nam a2200193 i 4500 |
| 001 - NÚMERO DE CONTROL | |
| campo de control | 99574 |
| 003 - IDENTIFICADOR DE NÚMERO DE CONTROL | |
| campo de control | ES-MaACL |
| 005 - FECHA Y HORA DE LA ÚLTIMA TRANSACCIÓN | |
| campo de control | 20230906182523.0 |
| 007 - CAMPO FIJO DE DESCRIPCIÓN FÍSICA--INFORMACIÓN GENERAL | |
| campo de control de longitud fija | t| |
| 008 - DATOS DE LONGITUD FIJA--INFORMACIÓN GENERAL | |
| campo de control de longitud fija | 050913s1961 sp ||||1| spa d |
| 100 1# - ENTRADA PRINCIPAL--NOMBRE DE PERSONA | |
| Nombre de persona | Martínez-Barbeito, Carlos, |
| Fechas asociadas al nombre | 1913-1997 |
| 9 (RLIN) | 77884 |
| 245 10 - MENCIÓN DEL TÍTULO | |
| Título | Don Domingo de Nóvoa, médico y farmacéutico gallego del siglo XVIII / |
| Mención de responsabilidad, etc. | por Carlos Martínez Barbeito. |
| 260 ## - PUBLICACIÓN, DISTRIBUCIÓN, ETC. | |
| Lugar de publicación, distribución, etc. | Madrid : |
| Nombre del editor, distribuidor, etc. | C. Bermejo, |
| Fecha de publicación, distribución, etc. | 1961. |
| 300 ## - DESCRIPCIÓN FÍSICA | |
| Extensión | 42 h. ; |
| Dimensiones | 24 cm. |
| 500 ## - NOTA GENERAL | |
| Nota general | Es tirada aparte de Cuadernos de Estudios Gallegos.- Fasc. XLVIII.- pág.87-128. |
| 600 14 - PUNTO DE ACCESO ADICIONAL DE MATERIA--NOMBRE DE PERSONA | |
| Nombre de persona | Novoa Gándara y Feijo, Domingo Antonio. |
| 9 (RLIN) | 157711 |
| 852 ## - LOCALIZACIÓN | |
| Ubicación | ES-MaACL |
| Número de control de estantería | 2022-F-20 |
| Sublocalización o colección | R.48978 |
| Estatus retirado | Estado de pérdida | Estado de daño | No para préstamo | Colección | Biblioteca de origen | Biblioteca actual | Ubicación en estantería | Fecha de adquisición | Fuente de adquisición | Total de préstamos | Signatura topográfica completa | Código de barras | Visto por última vez | Precio de reemplazo | Tipo de ítem Koha |
|---|---|---|---|---|---|---|---|---|---|---|---|---|---|---|---|
| Colección de folletos | Biblioteca del Ateneo de Madrid | Biblioteca del Ateneo de Madrid | Depósito folletos | 17/01/2008 | 2022-F-20 | 1103971 | 23/02/2023 | 23/02/2023 | Folleto |
